Rosencrantz y Guildenstern han muerto / (Record no. 78169)

MARC details
000 -LEADER
campo de control de longitud fija 00913camaa2200313M 4500
001 - NÚMERO DE CONTROL
campo de control 100522
005 - FECHA Y HORA DE LA ÚLTIMA TRANSACCIÓN
campo de control 20230410130651.0
008 - DATOS DE LONGITUD FIJA--INFORMACIÓN GENERAL
campo de control de longitud fija 990501s1969 sp 000 0 spa d
035 ## - NÚMERO DE CONTROL DEL SISTEMA
Número de control de sistema (OCoLC)ocn432876453
040 ## - FUENTE DE CATALOGACIÓN
Centro catalogador/agencia de origen BNM
Lengua de catalogación spa
Centro/agencia transcriptor BNM
016 7# - NÚMERO DE CONTROL DE UNA AGENCIA BIBLIOGRÁFICA NACIONAL
Número de control del registro bimoBNE20000462103
Fuente SpMaBN
017 ## - NÚMERO DE COPYRIGHT O DE DEPÓSITO LEGAL
Número de copyright o de depósito legal M 12896-1969
035 ## - NÚMERO DE CONTROL DEL SISTEMA
Número de control de sistema (OCoLC)432876453
049 ## - FONDOS LOCALES (OCLC)
Biblioteca depositaria GRAL
050 14 - SIGNATURA TOPOGRÁFICA DE LA BIBLIOTECA DEL CONGRESO
Número de clasificación PN 2093
Número de ítem S883r 1969
082 00 - NÚMERO DE LA CLASIFICACIÓN DECIMAL DEWEY
Número de clasificación 792.9
100 1# - ENTRADA PRINCIPAL--NOMBRE DE PERSONA
Nombre de persona Stoppard, Tom,
Fechas asociadas al nombre 1937-
245 10 - MENCIÓN DEL TÍTULO
Título Rosencrantz y Guildenstern han muerto /
Mención de responsabilidad, etc. Tom Stoppard ; traducción de Álvaro del Amo.
260 ## - PUBLICACIÓN, DISTRIBUCIÓN, ETC.
Lugar de publicación, distribución, etc. Madrid :
Nombre del editor, distribuidor, etc. Cuadernos para el Diálogo,
Fecha de publicación, distribución, etc. 1969.
300 ## - DESCRIPCIÓN FÍSICA
Extensión 104 p., 2 h. ;
Dimensiones 18 cm.
490 0# - MENCIÓN DE SERIE
Mención de serie Libros de Teatro
Designación de volumen o secuencia 15
500 ## - NOTA GENERAL
Nota general Traducido de: Rosencrantz and Guildenstern are dead.
650 #4 - PUNTO DE ACCESO ADICIONAL DE MATERIA--TÉRMINO DE MATERIA
Término de materia o nombre geográfico como elemento de entrada Teatro.
650 #4 - PUNTO DE ACCESO ADICIONAL DE MATERIA--TÉRMINO DE MATERIA
Término de materia o nombre geográfico como elemento de entrada 20150700
700 1# - ENTRADA AGREGADA--NOMBRE PERSONAL
Nombre de persona Amo, Álvaro del
Fechas asociadas al nombre 1942-
942 ## - ELEMENTOS DE ENTRADA SECUNDARIOS (KOHA)
Fuente del sistema de clasificación o colocación Clasificación de Library of Congress
Tipo de ítem Koha
994 ## -
-- C0
-- DRFGD
946 ## - PROCESAMIENTO DE INFORMACIÓN LOCAL (OCLC)
a NBM
Holdings
Estatus retirado Estado de pérdida Fuente del sistema de clasificación o colocación Estado de daño No para préstamo Colección Biblioteca de origen Biblioteca actual Ubicación en estantería Fecha de adquisición Serial enumeration / chronology Signatura topográfica completa Código de barras Visto por última vez Copia número Tipo de ítem Koha
    Clasificación de Library of Congress     Humanidades Biblioteca Juan Bosch Biblioteca Juan Bosch Humanidades (4to. Piso) 10/04/2023 1 PN 2093 S883r 1969 00000093548 25/10/2018 1